[Event "ZMDI Open 2014"]
[Site "Dresden GER"]
[Date "2014.08.20"]
[Round "6.50"]
[White "Friedel, Marcus"]
[Black "Riegler, Dieter"]
[Result "1/2-1/2"]
[WhiteElo "2148"]
[BlackElo "2085"]
[WhiteFideId "4688708"]
[BlackFideId "4606426"]
[EventDate "2014.08.15"]

1. e4 c5 2. c3 Nf6 3. e5 Nd5 4. d4 cxd4 5. Nf3 e6 6. cxd4 d6 7. Bc4 Nc6 8. O-O
Be7 9. a3 O-O 10. Re1 Bd7 11. Qd3 Qb6 12. Bxd5 exd5 13. Nc3 Be6 14. exd6 Bxd6
15. Ng5 g6 16. Rxe6 fxe6 17. Qh3 Qc7 18. Nxe6 Rfe8 19. Be3 Qd7 1/2-1/2

[Event "ZMDI Open 2014"]
[Site "Dresden GER"]
[Date "2014.08.20"]
[Round "6.51"]
[White "Bade, Hans-Juergen"]
[Black "Gaitzsch, Martin"]
[Result "1/2-1/2"]
[WhiteElo "2028"]
[BlackElo "2058"]
[WhiteFideId "24662054"]
[BlackFideId "24623202"]
[EventDate "2014.08.15"]

1. e4 e5 2. Nf3 Nc6 3. d4 exd4 4. Nxd4 Nf6 5. Nxc6 bxc6 6. Nd2 d5 7. Bd3 Bc5 8.
O-O O-O 9. h3 Be6 10. Qf3 Re8 11. Rd1 Bd6 12. exd5 cxd5 13. Nf1 Nd7 14. Bf4 Bxf4
15. Qxf4 c6 16. Ne3 Qf6 17. Qxf6 Nxf6 18. c4 Rab8 19. cxd5 cxd5 20. b3 Rec8 21.
Rac1 Rxc1 22. Rxc1 Rc8 23. Rxc8+ Bxc8 24. b4 Kf8 25. Nc2 Ke7 26. Nd4 Bd7 27. h4
Kd6 28. Kf1 h6 29. Ke2 Ke5 30. Nf3+ Kd6 31. Nd4 Ke5 32. Nf3+ 1/2-1/2

[Event "ZMDI Open 2014"]
[Site "Dresden GER"]
[Date "2014.08.20"]
[Round "6.52"]
[White "Urban, Konstantin"]
[Black "Brendel, Bergit"]
[Result "1-0"]
[BlackTitle "WFM"]
[WhiteElo "1931"]
[BlackElo "2057"]
[WhiteFideId "12927511"]
[BlackFideId "4608763"]
[EventDate "2014.08.15"]

1. e4 e5 2. Nf3 Nc6 3. Bb5 a6 4. Bxc6 dxc6 5. O-O Bg4 6. h3 Bh5 7. d3 f6 8. Be3
c5 9. Nbd2 Bd6 10. c3 Qd7 11. Nxe5 fxe5 12. Qxh5+ g6 13. Qe2 Nf6 14. Nb3 b6 15.
d4 cxd4 16. cxd4 Nh5 17. Qc4 b5 18. Qc3 Nf4 19. Bxf4 exf4 20. e5 Be7 21. Qf3 O-O
22. d5 Rad8 23. Rad1 Rde8 24. Nd4 Kh8 25. Ne6 Rf5 26. Rfe1 Bb4 27. Re4 a5 28. a3
Bf8 29. Rxf4 Rxf4 30. Qxf4 Bg7 31. Rc1 c6 32. Nxg7 Qxg7 33. dxc6 Rc8 34. c7 g5
35. Qf5 1-0

[Event "ZMDI Open 2014"]
[Site "Dresden GER"]
[Date "2014.08.20"]
[Round "6.53"]
[White "Kuechle, Wolfgang"]
[Black "Herbrig, Thomas"]
[Result "1/2-1/2"]
[WhiteElo "2048"]
[BlackElo "1953"]
[WhiteFideId "24628581"]
[BlackFideId "24668583"]
[EventDate "2014.08.15"]

1. c4 Nf6 2. g3 d5 3. cxd5 Qxd5 4. Nf3 c6 5. Bg2 Bg4 6. Nc3 Qa5 7. b4 Qd8 8. h3
Bd7 9. Rb1 e6 10. O-O Na6 11. a3 Nc7 12. d3 Ncd5 13. Bd2 Be7 14. Qc2 O-O 15. Na4
Rc8 16. d4 b6 17. e4 Nc7 18. Be3 Na6 19. Qd3 Nb8 20. Nc3 Ne8 21. Rfd1 Nc7 22. h4
Kh8 23. Ne5 Bf6 24. Ng4 Be7 25. Ne5 Bf6 26. Ng4 Be7 27. e5 Nd5 28. Nxd5 exd5 29.
Qe2 f5 30. exf6 Bxf6 31. Nxf6 Qxf6 32. Bg5 Qg6 33. Qd2 h6 34. Bf4 Rce8 35. Re1
Bf5 36. Rbc1 Nd7 37. Rxe8 Rxe8 38. Qc3 Re6 39. b5 c5 40. Bxd5 cxd4 41. Qxd4 Re2
42. Rc8+ Re8 43. Rxe8+ Qxe8 44. Bxh6 Nf6 45. Bc6 Qe1+ 46. Kg2 Kh7 47. Bd2 Qb1
48. Bc3 Bd3 49. Kh2 Be2 50. Bg2 Qf5 51. Bh3 Qf3 52. Bg2 Qf5 53. Bh3 Qf3 54. Bg2
Qf5 55. Bh3 1/2-1/2

[Event "ZMDI Open 2014"]
[Site "Dresden GER"]
[Date "2014.08.20"]
[Round "6.55"]
[White "Naegele, Hans-Juergen"]
[Black "Schmalhorst, Sophia"]
[Result "1/2-1/2"]
[WhiteElo "1901"]
[BlackElo "1943"]
[WhiteFideId "24655457"]
[BlackFideId "24682497"]
[EventDate "2014.08.15"]

1. g3 e5 2. Bg2 d5 3. d3 Nf6 4. Nd2 Bd6 5. h3 c6 6. e3 Nbd7 7. Ne2 Qe7 8. a3 Nc5
9. b4 Ncd7 10. c4 a5 11. c5 Bc7 12. Bb2 O-O 13. g4 b6 14. cxb6 Nxb6 15. bxa5
Rxa5 16. a4 Bd6 17. Bc3 Bb4 18. Bxb4 Qxb4 19. Rb1 Qc5 20. d4 exd4 21. exd4 Qe7
22. Rxb6 Re8 23. Bf3 Ba6 24. Rb3 Rxa4 25. Re3 Qb4 26. Rxe8+ Nxe8 27. O-O Nd6 28.
Re1 Ra2 29. Nf1 h6 30. Nc1 Ra3 31. Ne3 Qc3 32. Be2 Ne4 33. Bxa6 Rxa6 34. Ne2 Qb4
35. Nc2 Qc4 36. Ne3 Qb4 37. Nc2 Qc4 38. Ne3 1/2-1/2

[Event "ZMDI Open 2014"]
[Site "Dresden GER"]
[Date "2014.08.21"]
[Round "7.1"]
[White "Sagar, Shah"]
[Black "Berkes, Ferenc"]
[Result "1/2-1/2"]
[BlackTitle "GM"]
[WhiteElo "2339"]
[BlackElo "2658"]
[WhiteFideId "5022509"]
[BlackFideId "718572"]
[EventDate "2014.08.15"]

1. d4 Nf6 2. c4 g6 3. Nc3 Bg7 4. e4 d6 5. f3 O-O 6. Nge2 e5 7. Bg5 c6 8. Qd2
Nbd7 9. O-O-O Qa5 10. Kb1 Qb4 11. a3 Qxc4 12. d5 Rb8 13. Be3 Qa6 14. Nc1 Qa5 15.
Nb3 Qd8 16. Bxa7 Ra8 17. Be3 Ne8 18. g4 Nb6 19. h4 cxd5 20. Nxd5 Nxd5 21. Qxd5
Be6 22. Qb5 Nc7 23. Qb6 Qe7 24. Be2 Rfd8 25. Rd2 Ne8 26. g5 f5 27. Rhd1 Rdc8 28.
Na5 f4 29. Bf2 Bf8 30. b4 Qf7 31. Rc1 d5 32. Rxc8 Rxc8 33. Qxb7 Rc7 34. Qb8 Nd6
35. Bc5 Rc8 36. Qb6 dxe4 37. Bxd6 e3 38. Rc2 Bf5 39. Bc5 Bxc2+ 40. Kxc2 Qa2+ 41.
Kc3 Kh8 42. Qa6 Qxa3+ 43. Nb3 Qxa6 44. Bxa6 Ra8 45. Bxf8 Rxf8 46. Kd3 Kg7 1/2-1/2

[Event "ZMDI Open 2014"]
[Site "Dresden GER"]
[Date "2014.08.21"]
[Round "7.2"]
[White "Akesson, Ralf"]
[Black "Fodor, Tamas Jr."]
[Result "1/2-1/2"]
[WhiteTitle "GM"]
[BlackTitle "GM"]
[WhiteElo "2466"]
[BlackElo "2481"]
[WhiteFideId "1700120"]
[BlackFideId "723762"]
[EventDate "2014.08.15"]

1. Nf3 d5 2. d4 Nf6 3. c4 c6 4. e3 e6 5. Bd3 Nbd7 6. b3 Bb4+ 7. Nbd2 Bc3 8. Rb1
e5 9. dxe5 Nxe5 10. Nxe5 Bxe5 11. Qc2 O-O 12. O-O Re8 13. h3 Qe7 14. Rd1 Bd7 15.
Nf3 Bd6 16. Bb2 Ne4 17. Bxe4 dxe4 18. Qc3 f6 19. Qd4 exf3 20. Qxd6 Bf5 21. Qxe7
Rxe7 22. Rbc1 fxg2 1/2-1/2

[Event "ZMDI Open 2014"]
[Site "Dresden GER"]
[Date "2014.08.21"]
[Round "7.3"]
[White "Vogel, Roven"]
[Black "Kravtsiv, Martyn"]
[Result "1/2-1/2"]
[BlackTitle "GM"]
[WhiteElo "2279"]
[BlackElo "2572"]
[WhiteFideId "12908088"]
[BlackFideId "14113147"]
[EventDate "2014.08.15"]

1. Nf3 d5 2. g3 Nf6 3. Bg2 c6 4. O-O Bg4 5. d3 Nbd7 6. c4 dxc4 7. dxc4 e6 8. Nc3
Qa5 9. Be3 Be7 10. a3 O-O 11. h3 Bh5 12. b4 Qc7 13. Qb3 a5 14. Bf4 Bd6 15. Bxd6
Qxd6 16. c5 Qc7 17. Nd2 Nd5 18. e4 Nxc3 19. Qxc3 Be2 20. Rfe1 axb4 21. axb4 Rxa1
22. Qxa1 Bb5 23. e5 Rd8 24. Qc3 b6 25. Nb3 bxc5 26. bxc5 1/2-1/2

[Event "ZMDI Open 2014"]
[Site "Dresden GER"]
[Date "2014.08.21"]
[Round "7.4"]
[White "Maiwald, Jens-Uwe"]
[Black "Turikov, Viktor"]
[Result "1-0"]
[WhiteTitle "GM"]
[BlackTitle "FM"]
[WhiteElo "2475"]
[BlackElo "2256"]
[WhiteFideId "4612396"]
[BlackFideId "4107810"]
[EventDate "2014.08.15"]

1. g3 Nf6 2. Bg2 e6 3. d3 d5 4. Nf3 c5 5. O-O Nc6 6. Nbd2 b6 7. e4 Bb7 8. Re1
Be7 9. c3 O-O 10. a3 dxe4 11. dxe4 b5 12. Qe2 a6 13. e5 Nd7 14. c4 Qc7 15. cxb5
axb5 16. Qxb5 Nb4 17. Qc4 Nb6 18. Qc3 Na4 19. Qb3 Bd5 20. Nc4 Nb6 21. Nfd2 Nxc4
22. Nxc4 Rfd8 23. Bxd5 Rxd5 24. Bd2 Nc6 25. Bc3 Rb8 26. Qc2 Qb7 27. Rad1 Qa6 28.
Ne3 Nd4 29. Bxd4 Rxd4 30. Rxd4 cxd4 31. Nc4 Rc8 32. Rc1 Qb5 33. Qd3 Qd5 34. Rc2
Rd8 35. b4 f5 36. exf6 gxf6 37. Na5 Bf8 38. Rc7 f5 39. Nc4 Qe4 40. Qxe4 fxe4 41.
Kf1 Bh6 42. Nb6 Rf8 43. Rc8 d3 44. Rxf8+ Kxf8 45. Nd7+ Ke7 46. Nc5 Bc1 47. a4
Ba3 48. Nxe4 Bxb4 49. f3 Ba5 50. Nf2 Kd6 51. Nxd3 e5 52. Ke2 Kd5 53. Nf2 Kd4 54.
Ne4 Bd8 55. Nd6 Kd5 56. Nf7 Bb6 57. Kd3 h5 58. Ng5 Bd8 59. Ne4 h4 60. gxh4 Bxh4
61. Nc3+ Kc5 62. Ke4 Bf2 63. Nd5 1-0

[Event "ZMDI Open 2014"]
[Site "Dresden GER"]
[Date "2014.08.21"]
[Round "7.5"]
[White "Gajek, Radoslaw"]
[Black "Belezky, Alexander"]
[Result "0-1"]
[WhiteTitle "FM"]
[BlackTitle "IM"]
[WhiteElo "2355"]
[BlackElo "2454"]
[WhiteFideId "1125893"]
[BlackFideId "14105411"]
[EventDate "2014.08.15"]

1. d4 Nf6 2. c4 e6 3. Nc3 Bb4 4. Qc2 Nc6 5. Nf3 d6 6. g4 h6 7. g5 hxg5 8. Bxg5
Bxc3+ 9. Qxc3 Ne4 10. Bxd8 Nxc3 11. Bxc7 Ne4 12. a3 Kd7 13. d5 Kxc7 14. dxc6
bxc6 15. Bg2 a5 16. h4 Bd7 17. Ng5 Nxg5 18. hxg5 Rxh1+ 19. Bxh1 Rh8 20. Bf3 Rh4
21. Rc1 e5 22. e3 Bg4 23. Ke2 e4 24. Bxg4 Rxg4 25. Rh1 Rxg5 26. Rh8 Rg1 27. Rf8
f6 28. b4 axb4 29. axb4 Rc1 30. Rf7+ Kb6 31. c5+ dxc5 32. bxc5+ Rxc5 33. Rxg7
Rd5 34. Re7 f5 35. f3 exf3+ 36. Kxf3 c5 37. e4 fxe4+ 38. Kxe4 Rd8 39. Rh7 Kb5
40. Rc7 Kb4 41. Ke3 c4 42. Ke2 Kb3 43. Ke3 c3 44. Ke2 Kb2 45. Rc6 c2 46. Rb6+
Kc1 47. Rb7 Re8+ 48. Kf2 Re5 49. Rb8 Kd2 50. Rd8+ Kc3 51. Rc8+ Kd3 0-1

[Event "ZMDI Open 2014"]
[Site "Dresden GER"]
[Date "2014.08.21"]
[Round "7.6"]
[White "Arnaudov, G. Petar"]
[Black "Zwahr, Paul"]
[Result "1/2-1/2"]
[WhiteTitle "GM"]
[BlackTitle "FM"]
[WhiteElo "2429"]
[BlackElo "2362"]
[WhiteFideId "2907127"]
[BlackFideId "24609749"]
[EventDate "2014.08.15"]

1. Nf3 Nf6 2. c4 g6 3. Nc3 Bg7 4. e4 d6 5. d4 O-O 6. h3 e5 7. d5 a5 8. g4 Na6 9.
Be3 Nd7 10. a3 Nb6 11. Rg1 Bd7 12. Be2 Nc5 13. Nd2 c6 14. Qc2 Kh8 15. O-O-O cxd5
16. Bxc5 dxc5 17. cxd5 Bh6 18. Kb1 Bxd2 19. Qxd2 c4 20. f4 f6 21. h4 exf4 22.
Qxf4 Na4 23. Nxa4 Bxa4 24. Rc1 b5 25. Bd1 Bxd1 26. Rgxd1 Re8 27. g5 fxg5 28.
hxg5 Qe7 29. Rd4 Rad8 30. a4 bxa4 31. Rdxc4 Rf8 32. Rc7 Qe8 33. Qe3 Qe5 34. Qc3
Qxc3 35. R1xc3 Rfe8 36. R3c4 Kg8 37. Kc2 Re5 38. Rc8 Rxc8 39. Rxc8+ Kf7 40. Rc7+
Ke8 41. Kd3 Rxg5 42. Rxh7 Rg2 43. Rb7 Rg3+ 44. Kd4 Rb3 45. Ra7 Rxb2 46. Rxa5
Rb4+ 47. Ke5 g5 48. Ra7 g4 49. Rg7 Kf8 50. Rxg4 a3 51. Rg1 a2 52. Ra1 Ra4 53.
Kd6 Ra6+ 54. Kd7 Ra7+ 55. Ke6 Re7+ 56. Kd6 Ra7 57. e5 Ke8 58. Ke6 Re7+ 59. Kf6
Rf7+ 60. Kg6 Rf2 61. Rh1 Rh2 62. Ra1 Rf2 63. Kg5 Ke7 64. Kg4 Kd7 65. Kg3 Rf5 66.
Rxa2 1/2-1/2

[Event "ZMDI Open 2014"]
[Site "Dresden GER"]
[Date "2014.08.21"]
[Round "7.7"]
[White "Klenburg, Mikhail"]
[Black "Bindrich, Falko"]
[Result "0-1"]
[WhiteTitle "IM"]
[BlackTitle "GM"]
[WhiteElo "2368"]
[BlackElo "2598"]
[WhiteFideId "14102072"]
[BlackFideId "4676670"]
[EventDate "2014.08.15"]

1. g3 d5 2. Nf3 c6 3. Bg2 Bg4 4. O-O Nd7 5. d3 e6 6. c4 Ngf6 7. cxd5 exd5 8. Nc3
Be7 9. Qc2 O-O 10. e4 Nc5 11. Ne5 Be6 12. f4 dxe4 13. dxe4 Qd4+ 14. Kh1 Rad8 15.
Rd1 Qb4 16. Bd2 Qb6 17. Be3 Qa5 18. h3 h6 19. Bd4 Rxd4 20. Rxd4 Nb3 21. axb3
Qxa1+ 22. Rd1 Qa5 23. Nf3 Rd8 24. Nd4 Bc8 25. e5 Ne8 26. Kh2 Bc5 27. Nde2 Rxd1
28. Qxd1 Be7 29. Be4 Kf8 30. Bc2 Qd8 31. Nd4 Nc7 32. Qd3 g6 33. Qe3 Bc5 34. Nce2
Ke8 35. Qc3 Qd5 36. Qc4 Qxc4 37. bxc4 Ne6 38. Nb3 Bb6 39. Kg2 a5 40. Kf3 Ke7 41.
g4 g5 42. f5 Nf8 43. Nbc1 Nd7 44. Nd3 Bc7 45. Ke4 b6 46. Nc3 Ba6 47. b3 Bb7 48.
Bd1 Bb8 49. Bf3 Bc7 50. Na4 Ba6 51. Ke3 b5 52. cxb5 Bxb5 53. Be4 Nxe5 54. Nxe5
Bxe5 55. Bd3 Kd6 56. Bc4 f6 57. Kd3 Ba1 58. Ke4 Be5 59. Kd3 Bh2 60. Kd4 Bg1+ 61.
Ke4 Bxc4 62. bxc4 Ba7 63. Nc3 Kc5 64. Kd3 Kb4 65. Ne4 a4 66. c5 a3 67. Kc2 Bxc5 0-1

[Event "ZMDI Open 2014"]
[Site "Dresden GER"]
[Date "2014.08.21"]
[Round "7.8"]
[White "Zakhartsov, Viacheslav V."]
[Black "Karasik, Evgeni"]
[Result "1-0"]
[WhiteTitle "GM"]
[WhiteElo "2548"]
[BlackElo "2221"]
[WhiteFideId "4115333"]
[BlackFideId "2803941"]
[EventDate "2014.08.15"]

1. d4 Nf6 2. c4 c5 3. d5 b5 4. cxb5 a6 5. bxa6 g6 6. Nc3 Bxa6 7. Nf3 Bg7 8. e4
Bxf1 9. Kxf1 d6 10. g3 Nbd7 11. Kg2 O-O 12. a4 Ra6 13. Qc2 e6 14. dxe6 fxe6 15.
Qb3 d5 16. exd5 Qa8 17. Rd1 Rb6 18. Qa2 Kh8 19. a5 Rb4 20. Bf4 Nh5 21. Bd6 Rf5
22. Rd2 Nhf6 23. Rad1 exd5 24. Nxd5 Nxd5 25. Rxd5 Rxb2 26. Qc4 Rxf3 27. Kxf3 Rb4
28. Qa2 Rb2 29. Qa4 Nf6 30. Qc4 Nxd5 31. Qxd5 Qxa5 32. Be5 Qa3+ 33. Kg2 Ra2 1-0

[Event "ZMDI Open 2014"]
[Site "Dresden GER"]
[Date "2014.08.21"]
[Round "7.9"]
[White "Izsak, Gyula"]
[Black "Pirrot, Dieter"]
[Result "1/2-1/2"]
[WhiteTitle "IM"]
[BlackTitle "IM"]
[WhiteElo "2444"]
[BlackElo "2389"]
[WhiteFideId "702234"]
[BlackFideId "4601157"]
[EventDate "2014.08.15"]

1. Nf3 Nf6 2. d4 g6 3. c4 Bg7 4. g3 O-O 5. Bg2 d6 6. Nc3 c6 7. O-O Qa5 8. e4 e5
9. d5 cxd5 10. cxd5 b5 11. Re1 b4 12. Nb1 Nbd7 13. Nbd2 Ba6 14. Nb3 Qa4 15. a3
Bc4 16. Nfd2 Bb5 17. Nb1 Bc4 18. N1d2 Bb5 19. Nb1 Bc4 1/2-1/2

[Event "ZMDI Open 2014"]
[Site "Dresden GER"]
[Date "2014.08.21"]
[Round "7.10"]
[White "Wichmann, Cliff"]
[Black "Farago, Ivan"]
[Result "1/2-1/2"]
[WhiteTitle "IM"]
[BlackTitle "GM"]
[WhiteElo "2361"]
[BlackElo "2443"]
[WhiteFideId "4616090"]
[BlackFideId "700134"]
[EventDate "2014.08.15"]

1. d4 Nf6 2. c4 e6 3. Nf3 d5 4. Nc3 Bb4 5. cxd5 exd5 6. Bg5 h6 7. Bh4 c6 8. Rc1
g5 9. Bg3 Ne4 10. Nd2 Nxg3 11. hxg3 Be6 12. e3 Nd7 13. Qb3 Qb6 14. Bd3 Kf8 15.
Qc2 c5 16. dxc5 Nxc5 17. a3 Nxd3+ 18. Qxd3 Be7 19. b4 Rc8 20. O-O Qd8 21. Nb5 1/2-1/2

[Event "ZMDI Open 2014"]
[Site "Dresden GER"]
[Date "2014.08.21"]
[Round "7.11"]
[White "Mueller, Fabian"]
[Black "Gutman, Lev"]
[Result "0-1"]
[WhiteTitle "FM"]
[BlackTitle "GM"]
[WhiteElo "2324"]
[BlackElo "2438"]
[WhiteFideId "4664060"]
[BlackFideId "4600177"]
[EventDate "2014.08.15"]

1. d4 Nf6 2. c4 g6 3. Nc3 d5 4. cxd5 Nxd5 5. e4 Nxc3 6. bxc3 Bg7 7. Bb5+ Nd7 8.
Ne2 O-O 9. Be3 c5 10. O-O Qa5 11. Qb3 a6 12. Bxd7 Bxd7 13. dxc5 Be6 14. Qb2 Bc4
15. Rfc1 Rfd8 16. Nd4 Rd7 17. Nb3 Qb5 18. Qa3 Qc6 19. Qb4 Bd3 20. f3 Qc7 21. Rd1
Be5 22. h3 Bb5 23. Nd4 Rad8 24. Rd2 Bf4 25. Bxf4 Qxf4 26. Rf2 e5 27. Nxb5 Rd1+
28. Rf1 R1d2 29. Kh1 Rxg2 30. Kxg2 Qg5+ 31. Kh1 0-1

[Event "ZMDI Open 2014"]
[Site "Dresden GER"]
[Date "2014.08.21"]
[Round "7.12"]
[White "Fogarasi, Tibor"]
[Black "Neef, Maximilian"]
[Result "1/2-1/2"]
[WhiteTitle "GM"]
[BlackTitle "FM"]
[WhiteElo "2392"]
[BlackElo "2331"]
[WhiteFideId "700363"]
[BlackFideId "24692085"]
[EventDate "2014.08.15"]

1. e4 e6 2. d4 d5 3. Nc3 Nf6 4. e5 Nfd7 5. f4 c5 6. Nf3 Nc6 7. Be3 Be7 8. Qd2 a6
9. Be2 O-O 10. O-O b5 11. a3 Qc7 12. Nd1 Bb7 13. Nf2 Rac8 14. c3 Na5 15. Qe1 Nc4
16. Bc1 cxd4 17. cxd4 f5 18. g4 Qb6 19. gxf5 exf5 20. Be3 Nb8 21. b3 Na5 22. Qd1
Nbc6 23. Bd3 b4 24. a4 Nd8 25. Rc1 Rxc1 26. Bxc1 Ne6 27. Be3 g6 28. Qb1 Rc8 29.
Nd1 Nc6 30. Qb2 Qa7 31. Rf2 Bd8 32. Rd2 Bb6 33. Bf1 a5 34. Bg2 Ne7 35. Kh1 Ba6
36. Ng5 Nxg5 37. fxg5 Qc7 38. h4 Qc1 39. Kh2 Qxb2 40. Rxb2 Bd3 41. Nf2 Bc2 42.
Nh3 Be4 43. Nf4 Rc3 44. Bf2 Kf7 45. e6+ Ke8 46. h5 Bc7 47. Bg3 Bxf4 48. Bxf4
gxh5 49. Bf1 Nc6 50. Bb5 Ke7 51. Bc7 Nxd4 52. Bxa5 Nc2 53. Bd7 d4 54. Rxc2 Rxc2+
55. Kg3 d3 56. Bxb4+ Kd8 57. Ba5+ Ke7 58. Bb4+ Kd8 59. Ba5+ 1/2-1/2

[Event "ZMDI Open 2014"]
[Site "Dresden GER"]
[Date "2014.08.21"]
[Round "7.13"]
[White "Koop, Thorben"]
[Black "Satyapragyan, Swayangsu"]
[Result "0-1"]
[BlackTitle "IM"]
[WhiteElo "2194"]
[BlackElo "2401"]
[WhiteFideId "24661619"]
[BlackFideId "5004306"]
[EventDate "2014.08.15"]

1. d4 Nf6 2. Nf3 e6 3. g3 c5 4. Bg2 cxd4 5. O-O d5 6. Nxd4 e5 7. Nb3 Be7 8. Bg5
Nbd7 9. Nc3 d4 10. Nb1 Nf8 11. c3 Ne6 12. Bxf6 Bxf6 13. cxd4 exd4 14. N1d2 O-O
15. Ne4 Be7 16. Qd3 a5 17. Rfd1 f5 18. Ned2 a4 19. Nc1 Kh8 20. Nf3 Qb6 21. Nxd4
a3 22. Ncb3 axb2 23. Rab1 Rxa2 24. Nxf5 Nf4 25. gxf4 Bxf5 26. e4 Bg4 27. Rd2 Ba3
28. f5 h6 29. Qg3 Bh5 30. Rd7 Bf7 31. Nd2 Ra1 32. e5 Bb4 33. f6 gxf6 34. exf6
Qxf6 35. Rxb7 Bxd2 0-1

[Event "ZMDI Open 2014"]
[Site "Dresden GER"]
[Date "2014.08.21"]
[Round "7.14"]
[White "Mueller, Michael1"]
[Black "Maksimenko, Andrei"]
[Result "0-1"]
[WhiteTitle "FM"]
[BlackTitle "GM"]
[WhiteElo "2246"]
[BlackElo "2506"]
[WhiteFideId "4622081"]
[BlackFideId "14100584"]
[EventDate "2014.08.15"]

1. d4 c5 2. c3 Nf6 3. Nf3 e6 4. g3 b6 5. Bg2 Bb7 6. O-O Be7 7. Nbd2 O-O 8. Re1
cxd4 9. cxd4 Na6 10. a3 Rc8 11. e4 Qc7 12. Bf1 Qc2 13. Qxc2 Rxc2 14. Bd3 Rcc8
15. b4 Nc7 16. Bb2 Ba6 17. Bxa6 Nxa6 18. Rac1 d5 19. Ne5 Nb8 20. f3 a6 21. Rxc8
Rxc8 22. Rc1 Rxc1+ 23. Bxc1 Ne8 24. Kf2 Nc7 25. Ke2 f6 26. Ng4 Nc6 27. Kd3 Kf7
28. Ne3 Bd6 29. Bb2 g6 30. f4 Be7 31. e5 f5 32. h4 h6 33. Nf3 Ke8 34. Nc2 a5 35.
Kc3 Kd7 36. Kb3 axb4 37. axb4 Na7 38. Ka4 Kc6 39. Na3 Nc8 40. Bc3 Ne8 41. b5+
Kd7 42. Bb4 Ng7 43. Ng1 Nh5 44. Ne2 Bd8 45. Bf8 g5 46. hxg5 hxg5 47. Bh6 gxf4
48. Bxf4 Nxf4 49. gxf4 Ke8 50. Nc2 Kf7 51. Ne3 Bh4 52. Kb3 Bf2 53. Nd1 Be1 54.
Ne3 Kg6 55. Ng2 Bf2 56. Kc3 Na7 57. Kd3 Nxb5 58. Ne3 Kh5 59. Nd1 Bh4 60. Ne3 Be1
61. Kc2 Bf2 62. Kd3 Bxe3 63. Kxe3 Kg4 64. Nc1 Na3 65. Ne2 Nc4+ 66. Kd3 Kf3 67.
Nc3 Kxf4 68. Nb5 Kg3 69. Nc7 f4 70. Nxe6 f3 71. Ng7 f2 72. Nf5+ Kf4 73. Ke2 Kxf5
74. Kxf2 b5 75. Ke2 b4 76. Kd3 Na3 77. Kd2 Nb5 0-1

[Event "ZMDI Open 2014"]
[Site "Dresden GER"]
[Date "2014.08.21"]
[Round "7.15"]
[White "Teske, Henrik"]
[Black "Roos, Kseniya"]
[Result "1-0"]
[WhiteTitle "GM"]
[BlackTitle "WIM"]
[WhiteElo "2505"]
[BlackElo "2272"]
[WhiteFideId "4611500"]
[BlackFideId "4131428"]
[EventDate "2014.08.15"]

1. e4 g6 2. d4 d6 3. Nf3 Bg7 4. Nbd2 Nd7 5. Bd3 e5 6. c3 Ne7 7. O-O O-O 8. Re1
exd4 9. cxd4 c5 10. Nb3 Nc6 11. Bf4 Nxd4 12. Nbxd4 cxd4 13. Bxd6 Re8 14. e5 Qa5
15. b4 Qb6 16. Bc4 Nf8 17. Nxd4 Be6 18. Bc5 Qd8 19. Bxe6 Nxe6 20. Nxe6 Rxe6 21.
f4 b6 22. Bf2 g5 23. g3 gxf4 24. gxf4 Qe7 25. Qf3 Re8 26. Bg3 Qxb4 27. f5 Rh6
28. Kh1 Rh3 29. Re4 Qb2 30. Rg1 Kh8 31. Qg4 Qc2 32. f6 Bh6 33. Rc4 Rxg3 34. Rxc2
Rxg4 35. Rxg4 Be3 36. e6 h5 37. exf7 Rd8 38. Re4 1-0

[Event "ZMDI Open 2014"]
[Site "Dresden GER"]
[Date "2014.08.21"]
[Round "7.16"]
[White "Roesemann, Rainer"]
[Black "Dann, Matthias"]
[Result "0-1"]
[WhiteTitle "FM"]
[BlackTitle "IM"]
[WhiteElo "2255"]
[BlackElo "2464"]
[WhiteFideId "4610296"]
[BlackFideId "24638056"]
[EventDate "2014.08.15"]

1. c4 g6 2. g3 Bg7 3. Bg2 Nf6 4. Nc3 O-O 5. e4 c5 6. Nge2 Nc6 7. O-O Ne8 8. d3
Nc7 9. Be3 Ne6 10. Qd2 Ned4 11. Bh6 d6 12. Bxg7 Kxg7 13. Nxd4 Nxd4 14. Ne2 Nxe2+
15. Qxe2 e5 16. f4 f6 17. Qd2 a5 18. Rf2 Bd7 19. Re1 Qe7 20. h4 Kh8 21. Kh2 a4
22. Bh3 Bxh3 23. Kxh3 exf4 24. Qxf4 Rf7 25. Qd2 Qe5 26. Qc3 Kg7 27. Kg2 h5 28.
Qd2 Ra6 29. Qc2 Qd4 30. Qd2 Rb6 31. Qc2 Rb4 32. Kh3 b5 33. cxb5 Rxb5 34. Qc3 Qe5
35. Qc1 Qe6+ 36. Kg2 Qxa2 37. b4 Qe6 38. bxc5 dxc5 39. Qa3 Rb3 40. Qxc5 Rxd3 41.
e5 f5 42. Ra1 f4 43. gxf4 Qh3+ 0-1

[Event "ZMDI Open 2014"]
[Site "Dresden GER"]
[Date "2014.08.21"]
[Round "7.17"]
[White "Langheinrich, Ferenc"]
[Black "Heck, Norbert"]
[Result "1/2-1/2"]
[BlackTitle "FM"]
[WhiteElo "2439"]
[BlackElo "2239"]
[WhiteFideId "4641973"]
[BlackFideId "4622928"]
[EventDate "2014.08.15"]

1. b3 e5 2. Bb2 d6 3. c4 Nf6 4. g3 g6 5. Bg2 Bg7 6. Nf3 O-O 7. O-O Nc6 8. Nc3 h6
9. d3 Be6 10. a3 Qd7 11. b4 Bh3 12. Rc1 Bxg2 13. Kxg2 a6 14. e3 Rfe8 1/2-1/2

[Event "ZMDI Open 2014"]
[Site "Dresden GER"]
[Date "2014.08.21"]
[Round "7.18"]
[White "Enchev, Ivajlo"]
[Black "Stigar, Petter"]
[Result "1-0"]
[WhiteTitle "IM"]
[BlackTitle "FM"]
[WhiteElo "2393"]
[BlackElo "2228"]
[WhiteFideId "2907712"]
[BlackFideId "1500341"]
[EventDate "2014.08.15"]

1. d4 d5 2. Bf4 e6 3. c4 Nf6 4. Nc3 Be7 5. e3 O-O 6. Rc1 b6 7. Nf3 Bb7 8. cxd5
exd5 9. Bd3 c5 10. O-O Nbd7 11. Nb5 Ne4 12. dxc5 Ndxc5 13. Be2 Bf6 14. b4 Ne6
15. Be5 Bxe5 16. Nxe5 a6 17. Nd4 Qd6 18. Nxe6 Qxe6 19. Qd4 Qd6 20. Rfd1 f6 21.
Nd3 Rad8 22. Nf4 Rfe8 23. Bc4 Re5 24. Bb3 Ng5 25. a3 Nf7 26. Rc3 g5 27. Nh5 Rde8
28. Rcd3 b5 29. Qc5 1-0